Southville International School and Colleges
Your cart is empty.
  • Cart
  • Lists
    Public lists Eva Luna New books Lux_list list_1
    Your lists Log in to create your own lists
  • Log in to your account
  • Your cookies
  • Search history
Southville International School and Colleges
  • Advanced search
  • Recent comments
  • Most popular
  • Libraries

Log in to your account

Log in with GOOGLE


If you do not have an external account, but do have a local account, you can still log in:

  1. Home
  2. MARC view: Business policy and strategy :
Normal view MARC view ISBD view

Business policy and strategy : (Record no. 20159)

[ view plain ]
MARC details
000 -LEADER
fixed length control field 00629nam a2200205 a 4500
005 - DATE AND TIME OF LATEST TRANSACTION
control field 20140310183212.0
008 - FIXED-LENGTH DATA ELEMENTS--GENERAL INFORMATION
fixed length control field 030424s19uu xx 00 eng d
020 ## - INTERNATIONAL STANDARD BOOK NUMBER
International Standard Book Number 0876201273
050 ## - LIBRARY OF CONGRESS CALL NUMBER
Classification number HD 31
Item number .C4579 1980
100 ## - MAIN ENTRY--PERSONAL NAME
Personal name Chang, Y. N.
245 ## - TITLE STATEMENT
Title Business policy and strategy :
Remainder of title text & cases /
Statement of responsibility, etc Y. N. Chang.
260 ## - PUBLICATION, DISTRIBUTION, ETC. (IMPRINT)
Place of publication, distribution, etc Santa Monica, California :
Name of publisher, distributor, etc Goodyear Publication Co., Inc,
Date of publication, distribution, etc 1980.
300 ## - PHYSICAL DESCRIPTION
Extent 695 p. :
Other physical details ill ;
Dimensions 24 cm.
521 ## - TARGET AUDIENCE NOTE
Target audience note
546 ## - LANGUAGE NOTE
Language note C2350
650 ## - SUBJECT ADDED ENTRY--TOPICAL TERM
Topical term or geographic name as entry element Management
650 ## - SUBJECT ADDED ENTRY--TOPICAL TERM
Topical term or geographic name as entry element Corporate Planning
650 ## - SUBJECT ADDED ENTRY--TOPICAL TERM
Topical term or geographic name as entry element Industrial management
General subdivision United States
-- Case Studies.
942 ## - ADDED ENTRY ELEMENTS (KOHA)
Koha item type Books
Source of classification or shelving scheme Library of Congress Classification
Call number prefix Foreign
Holdings
Withdrawn status Lost status Source of classification or shelving scheme Damaged status Home library Current library Shelving location Date acquired Total Checkouts Total Renewals Full call number Barcode Date last seen Date checked out Copy number Price effective from Koha item type
    Library of Congress Classification   College Library College Library General Circulation Section 12/04/2013 1 19 HD 31 .C4579 1980 C2350 05/15/2018 01/07/2016 1 12/04/2013 Books

Business policy and strategy :

APA

Chang Y. N., . (1980). Business policy and strategy. Santa Monica, California: Goodyear Publication Co., Inc.

Chicago

Chang Y N, . 1980. Business policy and strategy. Santa Monica, California: Goodyear Publication Co., Inc.

Harvard

Chang Y. N., . (1980). Business policy and strategy. Santa Monica, California: Goodyear Publication Co., Inc.

MLA

Chang Y N, . Business policy and strategy. Santa Monica, California: Goodyear Publication Co., Inc. 1980.

  • Place hold
  • Print
  • Cite
  • Add to your cart (remove)
  • Save record
    BIBTEX Dublin Core MARCXML MARC (non-Unicode/MARC-8) MARC (Unicode/UTF-8) MARC (Unicode/UTF-8, Standard) MODS (XML) RIS
  • More searches
    Search for this title in:
    Other Libraries (WorldCat) Other Databases (Google Scholar) Online Stores (Bookfinder.com) Open Library (openlibrary.org)

Exporting to Dublin Core...

SOUTHVILLE LIBRARY

Southville International School and Colleges Library

1281 Tropical Ave. Cor. Luxembourg St., BF Homes International, Las Pinas City

Tel. No. 8256374 / 252358 Loc. 117/146

Powered by Koha